Movies Quiz

Random Movies or Box Office Quiz

Most Successful Kevin Smith Movies Quiz Stats

 Plays Quiz not verified by Sporcle

Also try: Which Spock?
Challenge
Share
Tweet
Embed
Score 0/8 Timer 05:00
0 Plays Today
Year Movie % Correct
1999Dogma
93%
1994Clerks
91.4%
2001Jay and Silent Bob Strike Back
88.3%
1995Mallrats
88.1%
1997Chasing Amy
84.2%
2004Jersey Girl
77.9%
2008Zack and Miri Make a Porno
72.2%
2006Clerks II
61.3%

You're not logged in!

Compare scores with friends on all Sporcle quizzes.
Join for Free
OR
Log In

You Might Also Like...

Show Comments

Extras

Top Quizzes Today


Score Distribution

Your Account Isn't Verified!

In order to create a playlist on Sporcle, you need to verify the email address you used during registration. Go to your Sporcle Settings to finish the process.

Report this User

Report this user for behavior that violates our Community Guidelines.

Details: